[Event "11th EUR-ch"]
[Site "Rijeka CRO"]
[Date "2010.03.07"]
[Round "2"]
[White "Sheskin, Matan"]
[Black "Shytaj, Luca"]
[Result "0-1"]
[WhiteElo "2207"]
[BlackElo "2472"]
[EventDate "2010.03.06"]
[PlyCount "80"]

1.e4 c5 2.Nf3 d6 3.d4 cxd4 4.Nxd4 Nf6 5.Nc3 a6 6.f3 e5 7.Nb3 Be6 8.Be3 
Nbd7 9.Qd2 h5 10.O-O-O b5 11.h3 Be7 12.Qf2 Rc8 13.Nd5 Nxd5 14.exd5 Bf5 15.
Bd3 Bxd3 16.Rxd3 f5 17.f4 O-O 18.Kb1 Bf6 19.g3 a5 20.Rdd1 a4 21.Nc1 a3 22.
b3 Qc7 23.Qd2 Nc5 24.Bxc5 Qxc5 25.fxe5 Bxe5 26.Nd3 Qd4 27.c3 Rxc3 28.Nxe5 
Qxe5 29.Rde1 Qxg3 30.Rhg1 Qd3+ 31.Qxd3 Rxd3 32.h4 Rxd5 33.Rg5 Re5 34.Reg1 
Rf7 35.Rxh5 f4 36.Rxe5 dxe5 37.Kc2 e4 38.Kd2 Rd7+ 39.Ke2 Rd3 40.Rg4 f3+ 
0-1

[Event "11th EUR-ch"]
[Site "Rijeka CRO"]
[Date "2010.03.07"]
[Round "2"]
[White "Pogosian, Vladimir"]
[Black "Yilmaz, Mustafa"]
[Result "0-1"]
[WhiteElo "2204"]
[BlackElo "2468"]
[EventDate "2010.03.06"]
[PlyCount "106"]

1.e4 c5 2.Ne2 d6 3.g3 Nf6 4.Bg2 g6 5.c3 Bg7 6.d4 Nbd7 7.O-O O-O 8.Na3 Rb8 
9.f4 cxd4 10.cxd4 d5 11.e5 Ne4 12.Nc3 Nxc3 13.bxc3 Nb6 14.g4 f5 15.g5 Be6 
16.Rf3 Rc8 17.Bf1 Rc6 18.Rb1 Qb8 19.Bb5 Rc7 20.Rh3 Rfc8 21.Qe1 a6 22.Be2 
Qa7 23.Rb3 Na4 24.Nb1 b5 25.Ba3 Nb6 26.Qh4 Kf7 27.Qf2 Kg8 28.Bc5 Rxc5 29.
dxc5 Na4 30.Ra3 Nxc5 31.Nd2 Qb7 32.Qd4 Bf7 33.Nb3 Ne4 34.Nd2 Nc5 35.Nb3 
Nd7 36.Qb4 e6 37.Qa5 Nb8 38.Nd4 Bf8 39.Rb3 Bc5 40.Kf1 Nc6 41.Nxc6 Qxc6 42.
Rb1 Ba7 43.Rf3 Qc5 44.Kg2 d4 45.cxd4 Qxd4 46.Rd1 Qe4 47.Kf1 Qc6 48.Rd8+ 
Kg7 49.Rxc8 Qxc8 50.Rc3 Qd7 51.Ke1 Qd4 52.Qc7 Bb6 53.Qc8 Ba5 0-1

[Event "11th EUR-ch"]
[Site "Rijeka CRO"]
[Date "2010.03.07"]
[Round "2"]
[White "Neubauer, Martin"]
[Black "Juranic, Bruno"]
[Result "1-0"]
[WhiteElo "2465"]
[BlackElo "2220"]
[EventDate "2010.03.06"]
[PlyCount "89"]

1.d4 Nf6 2.c4 e6 3.Nc3 Bb4 4.Qc2 d5 5.cxd5 Qxd5 6.Nf3 Qf5 7.Qb3 Nc6 8.Bd2 
O-O 9.h3 Rd8 10.a3 Ba5 11.e3 e5 12.Bc4 exd4 13.exd4 Ne4 14.Be3 Bxc3+ 15.
bxc3 Na5 16.Qb4 Nxc4 17.Qxc4 Qa5 18.Rc1 Qxa3 19.Qxc7 Be6 20.O-O Rd7 21.Qe5
Nxc3 22.Rfe1 Nd5 23.Ng5 Qd6 24.Qe4 Nf6 25.Qh4 a5 26.Rc5 a4 27.Nxh7 Nxh7 
28.Rh5 Qe7 29.Bg5 f6 30.Rxh7 fxg5 31.Rh8+ Kf7 32.Qh5+ g6 33.Qf3+ Kg7 34.
Rxa8 Rxd4 35.Qe3 Rd6 36.Qe5+ Kf7 37.Rh8 a3 38.Rh7+ Ke8 39.Rxe7+ Kxe7 40.
Qc5 a2 41.Rd1 Bd5 42.Qc7+ Rd7 43.Re1+ Be6 44.Qc4 Rd6 45.Qxa2 1-0

[Event "11th EUR-ch"]
[Site "Rijeka CRO"]
[Date "2010.03.07"]
[Round "2"]
[White "Ofstad, Per"]
[Black "Doric, Darko"]
[Result "0-1"]
[WhiteElo "2197"]
[BlackElo "2464"]
[EventDate "2010.03.06"]
[PlyCount "120"]

1.e4 c5 2.Nc3 Nc6 3.Nge2 e5 4.Nd5 d6 5.Nec3 Be7 6.Bc4 Nf6 7.Nxf6+ Bxf6 8.
d3 O-O 9.O-O Bg5 10.Be3 Rb8 11.a4 g6 12.Qd2 h6 13.f4 exf4 14.Bxf4 Kg7 15.
Rf2 Be6 16.Nd5 Bxd5 17.Bxd5 Bxf4 18.Qxf4 Ne5 19.h3 Qg5 20.g3 b6 21.Raf1 f6
22.Kg2 Rbe8 23.b3 Re7 24.Qd2 Qxd2 25.Rxd2 Rc7 26.Rdf2 Re7 27.Rd2 Nd7 28.
Rdf2 g5 29.Rd1 Ne5 30.Rf5 Ng6 31.Rdf1 Re5 32.Bc4 h5 33.R5f2 h4 34.g4 Nf4+ 
35.Rxf4 gxf4 36.Rxf4 Kg6 37.Kf3 Rd8 38.Bd5 Rb8 39.Bc4 Rbe8 40.Bd5 Rh8 41.
Ke3 Rh7 42.Rf1 Kg5 43.c4 Rg7 44.Rf2 Rge7 45.Kf3 Re8 46.Rd2 Rb8 47.Bc6 a6 
48.Ke3 Re7 49.Rf2 Rc7 50.Bd5 b5 51.axb5 axb5 52.Ra2 bxc4 53.bxc4 Rb1 54.
Ra8 Re1+ 55.Kf3 Rf1+ 56.Ke3 Rh1 57.Rg8+ Kh6 58.Rf8 Rxh3+ 59.Kf4 Kg6 60.Rd8
Rh1 0-1

[Event "11th EUR-ch"]
[Site "Rijeka CRO"]
[Date "2010.03.07"]
[Round "2"]
[White "Iakemov, Vladimir"]
[Black "Civric, Zdravko"]
[Result "1-0"]
[WhiteElo "2463"]
[BlackElo "2207"]
[EventDate "2010.03.06"]
[PlyCount "77"]

1.e4 c5 2.c3 Nf6 3.e5 Nd5 4.d4 cxd4 5.Nf3 e6 6.cxd4 b6 7.Nc3 Nxc3 8.bxc3 
Bb7 9.Bd3 Be7 10.O-O O-O 11.Nd2 d6 12.f4 Na6 13.Ne4 Nc7 14.Qh5 g6 15.Qh6 
Bxe4 16.Bxe4 d5 17.f5 exf5 18.Bxf5 Ne6 19.Bg4 Bg5 20.Qh3 Bxc1 21.Raxc1 Ng5
22.Qe3 Qe7 23.Bd1 Rad8 24.Bb3 b5 25.Rf6 Ne4 26.Rf4 Ng5 27.Qd3 a6 28.Rf6 
Ne6 29.Rcf1 Kg7 30.h4 b4 31.h5 bxc3 32.hxg6 hxg6 33.Bc2 Qe8 34.Qxa6 Ra8 
35.Qb7 Rxa2 36.Rxg6+ Kh8 37.Rf3 Ng7 38.Rh6+ Kg8 39.Rfh3 1-0

[Event "11th EUR-ch"]
[Site "Rijeka CRO"]
[Date "2010.03.07"]
[Round "2"]
[White "Kalegin, Evgeny"]
[Black "Kostanjsek, Zorko"]
[Result "1-0"]
[WhiteElo "2456"]
[BlackElo "2204"]
[EventDate "2010.03.06"]
[PlyCount "52"]

1.e4 d6 2.d4 Nf6 3.Bd3 e5 4.c3 Nc6 5.d5 Ne7 6.c4 g6 7.Nc3 Bg7 8.Nge2 O-O 
9.f3 Kh8 10.Be3 Neg8 11.Qd2 c6 12.O-O-O Qa5 13.Kb1 a6 14.g4 cxd5 15.cxd5 
b5 16.Ng3 b4 17.Nce2 Bxg4 18.fxg4 Nxg4 19.h4 h5 20.Nxh5 gxh5 21.Ng3 Nxe3 
22.Qxe3 b3 23.a3 f5 24.Qg5 Qc7 25.Qxh5+ Nh6 26.Nxf5 Qf7 1-0

[Event "11th EUR-ch"]
[Site "Rijeka CRO"]
[Date "2010.03.07"]
[Round "2"]
[White "Elkin, Leonid"]
[Black "Todorovic, Goran"]
[Result "1/2-1/2"]
[WhiteElo "2189"]
[BlackElo "2453"]
[EventDate "2010.03.06"]
[PlyCount "34"]

1.d4 d5 2.c4 e6 3.Nc3 c6 4.e3 Nf6 5.Nf3 Nbd7 6.Qc2 Bd6 7.b3 O-O 8.Bb2 c5 
9.Bd3 cxd4 10.exd4 dxc4 11.bxc4 e5 12.O-O exd4 13.Nd5 Nxd5 14.Bxh7+ Kh8 
15.cxd5 Nf6 16.Bd3 Nxd5 17.Qc4 a6 1/2-1/2

[Event "11th EUR-ch"]
[Site "Rijeka CRO"]
[Date "2010.03.07"]
[Round "2"]
[White "Pantaleoni, Claudio"]
[Black "Potapov, Alexander"]
[Result "0-1"]
[WhiteElo "2179"]
[BlackElo "2446"]
[EventDate "2010.03.06"]
[PlyCount "56"]

1.b3 d5 2.Bb2 Bf5 3.e3 e6 4.f4 Nf6 5.Nf3 Nbd7 6.Be2 Be7 7.O-O h6 8.Ne5 
Nxe5 9.fxe5 Nd7 10.Bd3 Bxd3 11.cxd3 O-O 12.Qg4 c5 13.d4 cxd4 14.exd4 Qb6 
15.Re1 f5 16.exf6 Rxf6 17.Nc3 h5 18.Qxh5 Qxd4+ 19.Kh1 Rh6 20.Na4 Qf4 21.g3
Qxd2 22.Qe2 Qxe2 23.Rxe2 Kf7 24.Rae1 Bd6 25.Kg2 Rah8 26.h4 Rg6 27.Rf1+ Ke7
28.Rf3 Rxh4 0-1

[Event "11th EUR-ch"]
[Site "Rijeka CRO"]
[Date "2010.03.07"]
[Round "2"]
[White "Zufic, Miroslav"]
[Black "Jelecevic, Ivo"]
[Result "1-0"]
[WhiteElo "2445"]
[BlackElo "2203"]
[EventDate "2010.03.06"]
[PlyCount "69"]

1.e4 c5 2.Nf3 d6 3.d4 cxd4 4.Nxd4 Nf6 5.Nc3 Nc6 6.f3 Qb6 7.Nb3 e6 8.Qe2 a6
9.g4 d5 10.g5 d4 11.Nd1 Nd7 12.Nf2 Bb4+ 13.Bd2 Nc5 14.Nxc5 Bxc5 15.Nd3 Nb4
16.Nxb4 Bxb4 17.O-O-O e5 18.Bxb4 Qxb4 19.Qf2 Be6 20.Kb1 O-O 21.h4 Rfd8 22.
h5 Rac8 23.Rh2 Rc5 24.a3 Qa4 25.f4 exf4 26.Qxf4 d3 27.Rxd3 Rxd3 28.Bxd3 
Qd4 29.Rg2 b5 30.g6 hxg6 31.hxg6 f5 32.Qh4 Qf6 33.Qh7+ Kf8 34.exf5 Bg8 35.
Qh2 1-0

[Event "11th EUR-ch"]
[Site "Rijeka CRO"]
[Date "2010.03.07"]
[Round "2"]
[White "Tosic, Miroslav"]
[Black "Malachi, Avraham"]
[Result "1-0"]
[WhiteElo "2439"]
[BlackElo "2188"]
[EventDate "2010.03.06"]
[PlyCount "57"]

1.d4 Nf6 2.Nf3 g6 3.c4 Bg7 4.Nc3 O-O 5.e4 d6 6.h3 c5 7.d5 a6 8.a4 e6 9.Bd3
exd5 10.exd5 Re8+ 11.Be3 Nbd7 12.O-O b6 13.Qd2 Ne5 14.Nxe5 dxe5 15.Bg5 Qd6
16.Rae1 Bf5 17.Be2 h5 18.Bd1 e4 19.Qf4 Qxf4 20.Bxf4 Bd7 21.Bc7 b5 22.cxb5 
axb5 23.axb5 Bh6 24.b6 Bd2 25.b7 Rab8 26.Bxb8 Rxb8 27.Nxe4 Nxe4 28.Rxe4 
Bf5 29.Re2 1-0

[Event "11th EUR-ch"]
[Site "Rijeka CRO"]
[Date "2010.03.07"]
[Round "2"]
[White "Gutov, Andrey"]
[Black "Barlocco, Carlo"]
[Result "1-0"]
[WhiteElo "2437"]
[BlackElo "2173"]
[EventDate "2010.03.06"]
[PlyCount "59"]

1.d4 d5 2.c4 e6 3.Nc3 Bb4 4.a3 Bxc3+ 5.bxc3 Nf6 6.e3 c5 7.cxd5 exd5 8.Bd3 
Nc6 9.Ne2 cxd4 10.cxd4 O-O 11.O-O Bg4 12.f3 Bh5 13.Rb1 Qe7 14.Nf4 Bg6 15.
Bxg6 hxg6 16.Qb3 Na5 17.Nxd5 Qd8 18.Nxf6+ gxf6 19.Qd3 Rc8 20.Bd2 Re8 21.
Rfc1 Rxc1+ 22.Rxc1 Nc6 23.d5 Ne7 24.e4 Kg7 25.Qb5 b6 26.Bf4 g5 27.Bc7 Qa8 
28.d6 Ng6 29.d7 Rh8 30.Qd5 1-0

[Event "11th EUR-ch"]
[Site "Rijeka CRO"]
[Date "2010.03.07"]
[Round "2"]
[White "Valenti, Giuseppe"]
[Black "Cioara, Andrei-Nestor"]
[Result "0-1"]
[WhiteElo "2124"]
[BlackElo "2430"]
[EventDate "2010.03.06"]
[PlyCount "50"]

1.e4 e6 2.d4 d5 3.Nd2 Nf6 4.e5 Nfd7 5.Ngf3 c5 6.c3 Nc6 7.Bd3 a5 8.O-O Be7 
9.Re1 cxd4 10.cxd4 g5 11.h3 h5 12.Nf1 g4 13.hxg4 hxg4 14.N3h2 Bb4 15.Re3 
Qh4 16.Rg3 f5 17.exf6 Nxf6 18.Bf4 Ke7 19.Be5 Bd7 20.a3 Bd6 21.Qe1 Rag8 22.
Qe2 Nxe5 23.dxe5 Nh5 24.Rxg4 Nf4 25.Qf3 Rxg4 0-1

[Event "11th EUR-ch"]
[Site "Rijeka CRO"]
[Date "2010.03.07"]
[Round "2"]
[White "Dinter, Brian"]
[Black "Zueger, Beat"]
[Result "1/2-1/2"]
[WhiteElo "2110"]
[BlackElo "2425"]
[EventDate "2010.03.06"]
[PlyCount "49"]

1.d4 Nf6 2.Bf4 d6 3.e3 Nbd7 4.Nf3 Nh5 5.Bg5 h6 6.Bh4 g5 7.Nfd2 Ndf6 8.Bg3 
Bg7 9.Bd3 Bd7 10.Qe2 e6 11.Na3 Qe7 12.c3 O-O-O 13.e4 Nxg3 14.hxg3 Kb8 15.
O-O-O e5 16.d5 h5 17.Nac4 g4 18.Ne3 Bh6 19.Kb1 Bg5 20.c4 Rh6 21.Rh2 Rdh8 
22.Rdh1 Ne8 23.Ndf1 Ng7 24.Qc2 Qf8 25.a3 1/2-1/2

[Event "11th EUR-ch"]
[Site "Rijeka CRO"]
[Date "2010.03.07"]
[Round "2"]
[White "Neagos, Raul-Alexandru"]
[Black "Loncar, Robert"]
[Result "1-0"]
[WhiteElo "2100"]
[BlackElo "2424"]
[EventDate "2010.03.06"]
[PlyCount "79"]

1.e4 e5 2.Nf3 Nc6 3.Nc3 Bb4 4.Bb5 Nge7 5.a3 Bxc3 6.dxc3 d6 7.Bc4 h6 8.h3 
Be6 9.Bxe6 fxe6 10.h4 Qd7 11.h5 O-O-O 12.Qe2 Ng8 13.Nh4 Nf6 14.Ng6 Rhe8 
15.f3 Nxh5 16.Nxe5 Nxe5 17.Rxh5 Qf7 18.Rh1 d5 19.Be3 dxe4 20.fxe4 Nc6 21.
Qc4 Qf6 22.Rd1 Rxd1+ 23.Kxd1 Qg6 24.Rg1 Qg3 25.Qe2 Qe5 26.Qg4 Rf8 27.Kc1 
h5 28.Qh4 b6 29.Rd1 g6 30.g3 Rf3 31.Bf4 Qxe4 32.Qh1 Qe2 33.Re1 Qf2 34.Rxe6
Kb7 35.Rxg6 h4 36.Rg7 h3 37.Rxc7+ Ka6 38.Rxc6 h2 39.Re6 Qf1+ 40.Re1 1-0

[Event "11th EUR-ch"]
[Site "Rijeka CRO"]
[Date "2010.03.07"]
[Round "2"]
[White "Pancevski, Filip"]
[Black "Welz, Peter"]
[Result "1/2-1/2"]
[WhiteElo "2423"]
[BlackElo "2148"]
[EventDate "2010.03.06"]
[PlyCount "119"]

1.e4 e6 2.d3 d5 3.Nd2 Nf6 4.Ngf3 c5 5.g3 Nc6 6.Bg2 Be7 7.O-O b5 8.exd5 
exd5 9.c4 bxc4 10.dxc4 O-O 11.cxd5 Nxd5 12.a3 Bg4 13.Qa4 Qd7 14.Nc4 Nb6 
15.Qb5 Nxc4 16.Qxc4 Bxf3 17.Bxf3 Ne5 18.Qe2 Nxf3+ 19.Qxf3 Rfd8 20.Bf4 Qd5 
21.Qxd5 Rxd5 22.Rad1 Rad8 23.Rxd5 Rxd5 24.Re1 Kf8 25.Be5 f6 26.Bc3 Kf7 27.
Re4 f5 28.Ra4 Rd7 29.Ra6 h5 30.Rc6 g5 31.Rh6 g4 32.Rxh5 Kg6 33.Rh8 Bf6 34.
Bxf6 Kxf6 35.Rc8 Rd1+ 36.Kg2 Rc1 37.Rc7 Rc2 38.b4 c4 39.h4 gxh3+ 40.Kxh3 
Ke5 41.f4+ Kd4 42.Rd7+ Kc3 43.Rxa7 Ra2 44.b5 Rb2 45.a4 Rb4 46.Rf7 Kd4 47.
Rd7+ Ke4 48.Rc7 Kd4 49.g4 fxg4+ 50.Kxg4 c3 51.f5 Kd3+ 52.Kg3 c2 53.Rxc2 
Kxc2 54.f6 Rxa4 55.f7 Ra8 56.b6 Kd3 57.Kf4 Rf8 58.Ke5 Rxf7 59.Kd5 Kc3 60.
Kc6 1/2-1/2

[Event "11th EUR-ch"]
[Site "Rijeka CRO"]
[Date "2010.03.07"]
[Round "2"]
[White "Ris, Robert"]
[Black "Astengo, Corrado"]
[Result "1/2-1/2"]
[WhiteElo "2422"]
[BlackElo "2136"]
[EventDate "2010.03.06"]
[PlyCount "82"]

1.Nf3 d5 2.c4 c6 3.d4 Nf6 4.Nc3 e6 5.g3 Nbd7 6.Bg2 Bd6 7.O-O O-O 8.b3 Re8 
9.Bb2 b6 10.Qc2 Bb7 11.Rfd1 Qe7 12.e4 dxe4 13.Nxe4 Nxe4 14.Qxe4 Rab8 15.
Qe2 c5 16.dxc5 Bxc5 17.Nd4 Bxg2 18.Kxg2 Nf6 19.Nc6 Qb7 20.Qf3 Rbc8 21.Ne5 
Qxf3+ 22.Kxf3 Kf8 23.g4 Red8 24.g5 Ne8 25.Nd7+ Ke7 26.Nxc5 bxc5 27.h4 f6 
28.gxf6+ gxf6 29.Rxd8 Rxd8 30.Ba3 Rc8 31.Rg1 Kf7 32.Rd1 Ke7 33.b4 Nd6 34.
Rc1 Nf5 35.bxc5 Nxh4+ 36.Ke4 Nf5 37.Rd1 Rd8 38.c6+ Ke8 39.Rb1 Rc8 40.Rb7 
Rxc6 41.Rxa7 Rxc4+ 1/2-1/2

[Event "11th EUR-ch"]
[Site "Rijeka CRO"]
[Date "2010.03.07"]
[Round "2"]
[White "Buss, Ralph"]
[Black "Chubar, Vladimir"]
[Result "1-0"]
[WhiteElo "2416"]
[BlackElo "2114"]
[EventDate "2010.03.06"]
[PlyCount "127"]

1.Nf3 e6 2.c4 f5 3.g3 Nf6 4.Bg2 d5 5.O-O c6 6.d3 Bd6 7.Nc3 O-O 8.e4 dxe4 
9.dxe4 e5 10.Qb3 Kh8 11.exf5 Na6 12.Nh4 Be7 13.Bg5 Nc5 14.Qc2 Qd3 15.Qxd3 
Nxd3 16.b3 Bc5 17.Ne4 Bd4 18.Rad1 Nb4 19.a3 Nxe4 20.Bxe4 Na2 21.Rd2 Nc3 
22.Bc2 c5 23.Re1 Bd7 24.g4 Rae8 25.h3 e4 26.Be3 Bc6 27.Bxd4 cxd4 28.Rxd4 
Rd8 29.Rxd8 Rxd8 30.Re3 Nd1 31.Bxd1 Rxd1+ 32.Kh2 Kg8 33.Ng2 Kf7 34.Nf4 Kf6
35.Nh5+ Ke5 36.Nxg7 Kf4 37.Ne6+ Ke5 38.Kg2 b6 39.Ng5 h5 40.Ne6 Ra1 41.a4 
a6 42.f4+ Kf6 43.Nd4 Bb7 44.g5+ Kf7 45.h4 Rd1 46.Ne2 Rd2 47.Kf2 Rb2 48.Ke1
Rb1+ 49.Kd2 Rh1 50.Kc3 Rxh4 51.Kd4 Rh1 52.Nc3 Rf1 53.Ke5 Rf3 54.Rxf3 exf3 
55.Nd1 h4 56.Nf2 Bc8 57.f6 h3 58.f5 h2 59.g6+ Kf8 60.Kf4 Bd7 61.Kg5 Be8 
62.f7 Bxf7 63.gxf7 Kxf7 64.b4 1-0

[Event "11th EUR-ch"]
[Site "Rijeka CRO"]
[Date "2010.03.07"]
[Round "2"]
[White "Baron, Tal"]
[Black "Faika, Michael"]
[Result "1-0"]
[WhiteElo "2415"]
[BlackElo "2102"]
[EventDate "2010.03.06"]
[PlyCount "45"]

1.e4 e5 2.Nf3 Nc6 3.Bb5 Nd4 4.Nxd4 exd4 5.O-O Bc5 6.d3 h5 7.Nd2 c6 8.Ba4 
a5 9.c3 b5 10.Bc2 d5 11.Nb3 Qb6 12.exd5 cxd5 13.Qf3 Nf6 14.Re1+ Kf8 15.h3 
Be6 16.Bg5 Nd7 17.Nxc5 Nxc5 18.cxd4 Nd7 19.Bb3 Nf6 20.Bxf6 gxf6 21.Qxf6 
Rg8 22.Bxd5 Ra6 23.Bxe6 1-0

[Event "11th EUR-ch"]
[Site "Rijeka CRO"]
[Date "2010.03.07"]
[Round "2"]
[White "Bozinovic, Boban"]
[Black "Jakovljevic, Vlado"]
[Result "0-1"]
[WhiteElo "2086"]
[BlackElo "2412"]
[EventDate "2010.03.06"]
[PlyCount "102"]

1.d4 Nf6 2.Nf3 d5 3.e3 g6 4.Bd3 Bg7 5.Nbd2 O-O 6.c3 Nbd7 7.O-O c5 8.Re1 b6
9.e4 dxe4 10.Nxe4 Bb7 11.Nxf6+ Nxf6 12.dxc5 bxc5 13.Be3 Bxf3 14.gxf3 Qc7 
15.Qa4 Nh5 16.f4 Bh6 17.f5 Bxe3 18.Rxe3 Nf4 19.Qe4 Rae8 20.Rae1 e6 21.f6 
Rd8 22.Bc4 Nh5 23.Rf3 Rd2 24.Qe3 Qd6 25.Qg5 Rd1 26.Rxd1 Qxd1+ 27.Kg2 Qd6 
28.b3 e5 29.Rf5 Kh8 30.Rxe5 Nxf6 31.Rxc5 Ng4 32.Qxg4 Qxc5 33.Qd7 Kg7 34.
Qd5 Qe7 35.a4 Rd8 36.Qf3 a5 37.Qf4 Rd6 38.h3 h6 39.Qf3 Rf6 40.Qd3 Qe5 41.
Qg3 Qe4+ 42.f3 Qc2+ 43.Qf2 Qxc3 44.h4 g5 45.hxg5 hxg5 46.Qe2 Rd6 47.Qe7 
Qd2+ 48.Kg3 Qf4+ 49.Kg2 g4 50.fxg4 Qxg4+ 51.Kf2 Qf4+ 0-1

[Event "11th EUR-ch"]
[Site "Rijeka CRO"]
[Date "2010.03.07"]
[Round "2"]
[White "Schroll, Gerhard"]
[Black "Krauss, Josef"]
[Result "1-0"]
[WhiteElo "2411"]
[BlackElo "2100"]
[EventDate "2010.03.06"]
[PlyCount "95"]

1.b3 d5 2.Bb2 Bf5 3.e3 c5 4.Nf3 Nc6 5.Bb5 a6 6.Bxc6+ bxc6 7.d3 f6 8.Nh4 
Qd7 9.Nxf5 Qxf5 10.Nc3 e5 11.Na4 Nh6 12.Ba3 c4 13.Bxf8 Rxf8 14.dxc4 dxc4 
15.O-O Kf7 16.Qe2 cxb3 17.axb3 Rfd8 18.Rfd1 e4 19.Nb6 Rab8 20.Nc4 Rxd1+ 
21.Rxd1 Ke7 22.Qd2 Nf7 23.Nd6 Qe5 24.Nxf7 Kxf7 25.Qd7+ Kg6 26.h3 Rb5 27.
Rd4 h5 28.Qxc6 Rc5 29.Qxa6 Rxc2 30.Qf1 Qc7 31.Rc4 Rxc4 32.Qxc4 Qe5 33.Qd4 
Qe8 34.g3 Qe6 35.b4 Qf5 36.h4 Kh6 37.Qd6 Kh7 38.Kf1 Qb5+ 39.Kg2 Qf5 40.Qf4
Qd5 41.g4 hxg4 42.Qxg4 g6 43.Qc8 f5 44.Qc7+ Kh6 45.Qb8 Kh7 46.b5 Qd1 47.
Qc7+ Kh8 48.Qf4 1-0

[Event "11th EUR-ch"]
[Site "Rijeka CRO"]
[Date "2010.03.07"]
[Round "2"]
[White "Piro, Valerio"]
[Black "Petre, Nad-Titus"]
[Result "0-1"]
[WhiteElo "2067"]
[BlackElo "2410"]
[EventDate "2010.03.06"]
[PlyCount "54"]

1.Nf3 d5 2.c4 e6 3.g3 Nf6 4.Bg2 Be7 5.O-O O-O 6.d3 c5 7.Ne5 Qc7 8.f4 Nbd7 
9.Nxd7 Bxd7 10.Nc3 d4 11.Ne4 Ng4 12.h3 Nh6 13.g4 f5 14.Nf2 fxg4 15.Nxg4 
Nxg4 16.hxg4 Bd6 17.Qd2 Rf6 18.e4 dxe3 19.Qxe3 Raf8 20.Qe2 Bxf4 21.Bxf4 
Rxf4 22.Rxf4 Qxf4 23.Rf1 Qd4+ 24.Kh2 Rxf1 25.Bxf1 Qf4+ 26.Kg1 e5 27.Bg2 
Bxg4 0-1

[Event "11th EUR-ch"]
[Site "Rijeka CRO"]
[Date "2010.03.07"]
[Round "2"]
[White "Rukavina, Josip"]
[Black "Levine, Yonatan"]
[Result "1/2-1/2"]
[WhiteElo "2409"]
[BlackElo "2096"]
[EventDate "2010.03.06"]
[PlyCount "54"]

1.d4 g6 2.e4 d6 3.Nc3 Nf6 4.Nge2 Bg7 5.h3 c6 6.a4 a5 7.Be3 O-O 8.g4 e5 9.
Bg2 Na6 10.Ng3 Nb4 11.O-O Nxg4 12.hxg4 exd4 13.Bxd4 Bxd4 14.Qxd4 Nxc2 15.
Qd2 Nxa1 16.Rxa1 Bxg4 17.Qf4 Be6 18.Rd1 Qb6 19.Rxd6 Qxb2 20.Qf6 Qc1+ 21.
Bf1 Bg4 22.Kg2 Be6 23.Be2 Rae8 24.f4 Qa3 25.Nh5 gxh5 26.Qg5+ Kh8 27.Qf6+ 
Kg8 1/2-1/2

[Event "11th EUR-ch"]
[Site "Rijeka CRO"]
[Date "2010.03.07"]
[Round "2"]
[White "Reutsky, Sergei"]
[Black "Hetzer, Volkhard"]
[Result "1-0"]
[WhiteElo "2404"]
[BlackElo "2086"]
[EventDate "2010.03.06"]
[PlyCount "123"]

1.d4 d5 2.c4 Nc6 3.Nc3 Nf6 4.cxd5 Nxd5 5.e4 Nxc3 6.bxc3 e5 7.d5 Nb8 8.Nf3 
Bd6 9.Bd3 O-O 10.O-O Bg4 11.h3 Bh5 12.Be3 Nd7 13.Rb1 b6 14.Be2 Qe7 15.Qc2 
Rac8 16.Rfe1 Kh8 17.Bg5 f6 18.Be3 Nc5 19.Nh4 Bxe2 20.Rxe2 g6 21.Nf3 Rcd8 
22.Bxc5 Bxc5 23.Rd1 Rd7 24.Qa4 a5 25.Ne1 Rfd8 26.Nd3 Kg7 27.Qb5 Qd6 28.
Nxc5 Qxc5 29.Qxc5 bxc5 30.Rb1 c4 31.Reb2 f5 32.f3 fxe4 33.fxe4 Rf8 34.Rb5 
Rf4 35.Re1 Rdf7 36.Rxa5 Rf2 37.Ra7 Rc2 38.Rf1 Rxf1+ 39.Kxf1 Kf6 40.Rxc7 
Rxc3 41.h4 Rc2 42.a4 h5 43.a5 Ra2 44.Rxc4 Rxa5 45.Rc6+ Kf7 46.Re6 Ra2 47.
Rxe5 Rd2 48.Re6 Ra2 49.Rc6 Rd2 50.Kg1 Re2 51.Re6 Rd2 52.Kh2 Rd3 53.g3 Rd2+
54.Kg1 Re2 55.Kf1 Rd2 56.Rb6 Rd4 57.Re6 Rd2 58.Rd6 Rd4 59.e5 Re4 60.Rf6+ 
Kg7 61.Re6 Rd4 62.d6 1-0

[Event "11th EUR-ch"]
[Site "Rijeka CRO"]
[Date "2010.03.07"]
[Round "2"]
[White "Lazic, Dusko"]
[Black "Martic, Zlatko"]
[Result "0-1"]
[WhiteElo "2046"]
[BlackElo "2404"]
[EventDate "2010.03.06"]
[PlyCount "34"]

1.e4 d6 2.d4 Nf6 3.Nc3 g6 4.f4 Bg7 5.Nf3 O-O 6.Bd3 Na6 7.O-O c5 8.d5 Nc7 
9.a4 b6 10.Qe2 Bb7 11.Nb5 e6 12.Nxc7 Qxc7 13.c4 exd5 14.cxd5 Rfe8 15.Qc2 
c4 16.Re1 Qc5+ 17.Be3 cxd3 0-1

[Event "11th EUR-ch"]
[Site "Rijeka CRO"]
[Date "2010.03.07"]
[Round "2"]
[White "Durandeau, Jean-Marie"]
[Black "Berkovich, Mark"]
[Result "0-1"]
[WhiteElo "2040"]
[BlackElo "2401"]
[EventDate "2010.03.06"]
[PlyCount "118"]

1.e4 e5 2.Nf3 Nc6 3.d4 exd4 4.Nxd4 Nf6 5.Nxc6 bxc6 6.e5 Qe7 7.Qe2 Nd5 8.c4
Nb6 9.Nc3 a5 10.b3 a4 11.Rb1 axb3 12.axb3 d6 13.exd6 Qxe2+ 14.Bxe2 Bf5 15.
Rb2 Bxd6 16.Ra2 Rxa2 17.Nxa2 Kd7 18.O-O Rb8 19.Be3 Nc8 20.Nc1 Ba3 21.Bd3 
Nd6 22.c5 Bxc1 23.cxd6 Bxd3 24.dxc7 Kxc7 25.Rxc1 Rxb3 26.g3 Be4 27.Kf1 Bf3
28.Ke1 Rb5 29.Ra1 Rd5 30.Bd2 Kd7 31.Ra3 Rf5 32.Bf4 Bd5 33.h4 h6 34.Kd2 Ke6
35.Re3+ Kf6 36.Rc3 Ke6 37.Re3+ Kd7 38.Rc3 f6 39.Rc5 g5 40.hxg5 fxg5 41.Be3
h5 42.Ra5 Ke6 43.Ra4 Bf3 44.Kc3 Rd5 45.Rc4 Ra5 46.Bb6 Rb5 47.Be3 Kf5 48.
Kd3 Re5 49.Kd2 Ra5 50.Kd3 Ra3+ 51.Kc2 Ra2+ 52.Kb1 Re2 53.Ra4 Be4+ 54.Kc1 
h4 55.g4+ Ke5 56.Bxg5 h3 57.Bh4 Rc2+ 58.Kd1 Rc3 59.Ra5+ Bd5 0-1

[Event "11th EUR-ch"]
[Site "Rijeka CRO"]
[Date "2010.03.07"]
[Round "2"]
[White "Valkovic, Kristian"]
[Black "Kargin, Arseny"]
[Result "0-1"]
[WhiteElo "2027"]
[BlackElo "2400"]
[EventDate "2010.03.06"]
[PlyCount "80"]

1.d4 d5 2.Nf3 Nf6 3.Bf4 c5 4.e3 Nc6 5.c3 Qb6 6.Qb3 c4 7.Qxb6 axb6 8.Na3 
Bf5 9.Nb5 Ra5 10.Na3 e5 11.dxe5 Bxa3 12.bxa3 Ne4 13.Nd2 Nxc3 14.Bxc4 dxc4 
15.Nxc4 O-O 16.Nxa5 bxa5 17.f3 Re8 18.e4 Bd7 19.Kd2 Nb5 20.a4 Na3 21.Kc3 
Be6 22.Bc1 Nc4 23.Rb1 Nb4 24.a3 Na2+ 25.Kd4 Rd8+ 26.Kc5 b6+ 27.Rxb6 Nxb6 
28.Kxb6 Nc3 29.Be3 Rd3 30.Re1 Nxa4+ 31.Kxa5 Nb2 32.Bc5 Nc4+ 33.Kb4 Nxa3 
34.Rc1 Rb3+ 35.Ka4 Nb5 36.Bb4 Nd4 37.f4 Bd7+ 38.Ka5 Nc6+ 39.Kb6 Rxb4+ 40.
Kc7 Be8 0-1

[Event "11th EUR-ch"]
[Site "Rijeka CRO"]
[Date "2010.03.07"]
[Round "2"]
[White "Nedilko, Vasyl"]
[Black "Schweitzer, Werner"]
[Result "1-0"]
[WhiteElo "2400"]
[BlackElo "2069"]
[EventDate "2010.03.06"]
[PlyCount "43"]

1.d4 d5 2.c4 c6 3.Nf3 Nf6 4.Nc3 dxc4 5.a4 Bf5 6.Nh4 Bg4 7.h3 Bh5 8.g4 Bg6 
9.g5 Nd5 10.Nxg6 hxg6 11.e4 Nxc3 12.bxc3 e5 13.Bxc4 exd4 14.Qf3 Qe7 15.Ba3
Qc7 16.cxd4 Bxa3 17.Rxa3 O-O 18.h4 b5 19.Ba2 c5 20.h5 cxd4 21.hxg6 Qc1+ 
22.Qd1 1-0

[Event "11th EUR-ch"]
[Site "Rijeka CRO"]
[Date "2010.03.07"]
[Round "2"]
[White "Nastic, Milorad"]
[Black "Manea, Alexandru"]
[Result "0-1"]
[WhiteElo "2009"]
[BlackElo "2392"]
[EventDate "2010.03.06"]
[PlyCount "60"]

1.e4 c5 2.Nf3 e6 3.e5 Nc6 4.Bb5 Qc7 5.Bxc6 Qxc6 6.d3 b6 7.O-O Bb7 8.Re1 
Ne7 9.b3 Ng6 10.Bb2 Be7 11.Nbd2 O-O 12.Ne4 Rad8 13.Qd2 d5 14.exd6 Bxd6 15.
Qc3 f6 16.d4 e5 17.dxc5 Bxc5 18.Nxc5 bxc5 19.Red1 Nf4 20.Qe3 g5 21.Kf1 g4 
22.Ne1 Nxg2 23.Qg3 Nxe1 24.Qxg4+ Kh8 25.Kxe1 Rg8 26.Rxd8 Rxd8 27.Qf5 Bc8 
28.Qh5 Qh1+ 29.Ke2 Qe4+ 30.Kf1 Bg4 0-1

[Event "11th EUR-ch"]
[Site "Rijeka CRO"]
[Date "2010.03.07"]
[Round "2"]
[White "Lanzani, Giuliano"]
[Black "Kreisl, Robert"]
[Result "0-1"]
[WhiteElo "1992"]
[BlackElo "2389"]
[EventDate "2010.03.06"]
[PlyCount "44"]

1.e4 c6 2.c4 d5 3.exd5 cxd5 4.cxd5 Nf6 5.Nc3 Nxd5 6.d4 Nc6 7.Nf3 e6 8.Be2 
Be7 9.O-O O-O 10.a3 b6 11.Qb3 Na5 12.Qc2 Bb7 13.Rd1 Rc8 14.Ne5 Nxc3 15.
bxc3 Bd6 16.Bd3 h6 17.f4 Bd5 18.Ba6 Bb3 19.Qd3 Bxd1 20.Bxc8 Qxc8 21.Qxd1 
Qxc3 22.Ra2 Rc8 0-1

[Event "11th EUR-ch"]
[Site "Rijeka CRO"]
[Date "2010.03.07"]
[Round "2"]
[White "Kanarek, Marcel"]
[Black "Guidi, Maurizio"]
[Result "1-0"]
[WhiteElo "2388"]
[BlackElo "2050"]
[EventDate "2010.03.06"]
[PlyCount "53"]

1.e4 g6 2.d4 Bg7 3.Nc3 d6 4.f4 e6 5.Nf3 Ne7 6.Bd3 Nd7 7.O-O h6 8.Kh1 b6 9.
Be3 Bb7 10.Qd2 a6 11.f5 exf5 12.exf5 g5 13.Ne4 Nf6 14.Nxf6+ Bxf6 15.c4 Qd7
16.d5 Ng8 17.a4 a5 18.Bd4 Bxd4 19.Nxd4 Nf6 20.Rae1+ Kf8 21.Qc3 Kg7 22.Ne6+
fxe6 23.Qxf6+ Kxf6 24.fxe6+ Kg7 25.exd7 Rhf8 26.Re7+ Kg8 27.Bh7+ 1-0

[Event "11th EUR-ch"]
[Site "Rijeka CRO"]
[Date "2010.03.07"]
[Round "2"]
[White "Platzgummer, Fabian"]
[Black "Hayes, Peter"]
[Result "1/2-1/2"]
[WhiteElo "2383"]
[BlackElo "2046"]
[EventDate "2010.03.06"]
[PlyCount "71"]

1.Nf3 e6 2.c4 Nf6 3.g3 b6 4.Bg2 Bb7 5.O-O Be7 6.d4 d6 7.d5 exd5 8.Nd4 Qc8 
9.Qa4+ Qd7 10.Qxd7+ Nbxd7 11.Nc3 c5 12.Nf5 g6 13.Nxe7 Kxe7 14.cxd5 a6 15.
e4 Ne5 16.Rd1 c4 17.Be3 Nfd7 18.f4 Nd3 19.b3 b5 20.bxc4 Nb2 21.Re1 Nxc4 
22.Bd4 Rhe8 23.e5 Kf8 24.e6 Ndb6 25.Rab1 Rac8 26.a4 Na3 27.Bxb6 Rxc3 28.
Rbc1 Rxc1 29.Rxc1 Nc4 30.Bd4 fxe6 31.axb5 axb5 32.Rb1 Bxd5 33.Bxd5 exd5 
34.Rxb5 Re1+ 35.Kf2 Rd1 36.Bc3 1/2-1/2